000
00363nam a2200133Ia 4500
003
GCL
008
140319s9999 xx 000 0 ara d
040
_a
GCL /
_c
GCL
082
0
4
_a
227
_b
م س
245
1
0
_a
سورة الحجرات دراسة تحليلية
260
_a
[S.N] :
_b
مطبعة الحسين الاسلامية ،
_c
1990
300
_a
24 ص
490
_a
999
_c
35583
_d
35583